Văn hóa nguyên thủy
Dịch từ bản tiếng Nga: Pervobytnaja Kultura; Nghiên cứu khảo cổ và lịch sử văn hóa; sự chuyển biến từ trạng thái hoang dã đến văn minh, sự khác nhau giữa các tầng văn hóa và các yếu tố liên quan như: nghi thức, nghi lễ, định chế xã hội...
Wedi'i Gadw mewn:
| Prif Awdur: | |
|---|---|
| Awduron Eraill: | |
| Fformat: | Llyfr |
| Iaith: | Undetermined |
| Cyhoeddwyd: |
H.
Tri thức
2019
|
| Pynciau: | |
| Mynediad Ar-lein: | http://lrc.tdmu.edu.vn/opac/search/detail.asp?aID=2&ID=36766 |
| Tagiau: |
Ychwanegu Tag
Dim Tagiau, Byddwch y cyntaf i dagio'r cofnod hwn!
|
| Thư viện lưu trữ: | Trung tâm Học liệu Trường Đại học Thủ Dầu Một |
|---|
| LEADER | 01015nam a2200217Ia 4500 | ||
|---|---|---|---|
| 001 | TDMU_36766 | ||
| 008 | 210410s9999 xx 000 0 und d | ||
| 082 | |a 363.7 | ||
| 090 | |b T606 | ||
| 100 | |a Tylor, Edward | ||
| 245 | 0 | |a Văn hóa nguyên thủy | |
| 245 | 0 | |c Edward Tylor; Huyền Giang (dịch) | |
| 260 | |a H. | ||
| 260 | |b Tri thức | ||
| 260 | |c 2019 | ||
| 300 | |a 901tr. | ||
| 520 | |a Dịch từ bản tiếng Nga: Pervobytnaja Kultura; Nghiên cứu khảo cổ và lịch sử văn hóa; sự chuyển biến từ trạng thái hoang dã đến văn minh, sự khác nhau giữa các tầng văn hóa và các yếu tố liên quan như: nghi thức, nghi lễ, định chế xã hội | ||
| 650 | |a Lịch sử |x Thời đại nguyên thủy |x Văn minh | ||
| 700 | |a Huyền Giang | ||
| 856 | |u http://lrc.tdmu.edu.vn/opac/search/detail.asp?aID=2&ID=36766 | ||
| 980 | |a Trung tâm Học liệu Trường Đại học Thủ Dầu Một | ||